000 00522nam a2200205Ia 4500
003 OSt
005 20220926044547.0
006 a|||||r|||| 00| 0
007 ta
008 220923b |||||||| |||| 00| 0 eng d
037 _cGeneral Book
040 _aRTL
_cRTL
_beng
041 _2eng
_aeng
082 _aX9:28, J1-J1;1
100 _aWillsmore A W
_9151485
245 0 _aModern production control
260 _c1951
942 _hX9:28, J1-J1;1
_cGB
_2CC
999 _c675220
_d675220